| 000 | 00727nam a2200253Ia 4500 | ||
|---|---|---|---|
| 005 | 20251020182520.0 | ||
| 008 | 200515s9999 xx 000 0 und d | ||
| 082 | _a69.05/S61 | ||
| 100 | _aSMITH, Ronald C. | ||
| 245 | 0 | _aPrincipio y sistema en las grandes construcciones | |
| 260 | _aBarcelona | ||
| 260 | _c1967 | ||
| 500 | _a1 ejemplar | ||
| 520 | _aSoluciones mas comunes a los problemas que la construcción de un edificio encierra y al mismo tiempo pueda entender los métodos empleados para resolverlos | ||
| 650 | _aCONCRETO | ||
| 650 | _aENCOFRADOS | ||
| 650 | _aESCALERAS | ||
| 650 | _aEXCAVACIONES | ||
| 650 | _aLIB | ||
| 650 | _aPILOTES | ||
| 650 | _aPUERTAS | ||
| 650 | _aVENTANAS | ||
| 942 | _cLIB | ||
| 999 |
_c1722 _d1722 |
||